000 01628nam a2200445 i 4500
001 196319
003 ES-MaACL
005 20241012063109.0
007 ta
008 2409 s2019 sp a | |||| 000 0 spa
017 _aB 6587-2019
_bOficina Depósito Legal Barcelona
020 _a9788423430383
035 _a(OCoLC)1129299664
035 _a(SpMaBN)a6600161
035 _a991024946949708606
040 _aSpMaBN
_bspa
_cSpMaBN
_erda
_dES-MaACL
080 _a316.4.063.3-027.511:316.654(460)
080 _a316.422.44:316.654(460)
080 _a32(460):316.654(460)
100 _aUrquizu, Ignacio
_9238684
245 1 0 _a¿Cómo somos? :
_bun retrato robot de la gente corriente /
_cIgnacio Urquizu.
250 _aPrimera edición: abril de 2019
264 1 _aBarcelona :
_bDeusto,
_c[2019]
264 4 _c©2019
300 _a159 p. ;
_c23 cm
336 _aTexto
_2rdacontent
337 _asin mediación
_2rdamedia
338 _avolumen
_2rdacarrier
504 _aBibliografía: páginas 167-171
650 0 _aProgreso científico y tecnológico
_xOpinión pública
_2embne
_9238685
650 0 _aGlobalización
_xOpinión española
_2embne
_9238686
651 7 _aEspaña-
_xPolítica y gobierno-
_xOpinión pública
_9148431
_y2004-
852 _aES-MaACL
_cDEPO1
_hDonación: José Manuel Duarte Cendán
_9204037
_jA-15378
901 _aMON1911
903 _9238529
_aDuarte Cendán, José Manuel
_q1
_ednr
942 _n0
_cMONOGRAFIA
999 _c196319
_d196319